LEADER 01219nam 2200385 450 001 9910573821703321 005 20221103141714.0 035 $a(CKB)4100000012063939 035 $a(NjHacI)994100000012063939 035 $a(EXLCZ)994100000012063939 100 $a20221103d2020 uy 0 101 0 $aeng 135 $aur||||||||||| 181 $ctxt$2rdacontent 182 $cc$2rdamedia 183 $acr$2rdacarrier 200 10$aFreezing fertility $eoocyte cryopreservation and the gender politics of aging /$fLucy van de Wiel 210 1$aNew York (NY) :$cNew York University Press,$d[2020] 210 4$dİ2020 215 $a1 online resource (335 pages) $cillustrations 225 1 $aBiopolitics: Medicine, Technoscience, and Health in the Twenty-First Century Series 311 $a1-4798-0362-6 320 $aIncludes bibliographical references. 410 0$aBiopolitics (New York, N.Y.) 517 $aFreezing fertility 606 $aOvulation 615 0$aOvulation. 676 $a612.62 700 $aWiel$b Lucy van de$01238307 801 0$bNjHacI 801 1$bNjHacl 906 $aBOOK 912 $a9910573821703321 996 $aFreezing fertility$92928252 997 $aUNINA LEADER 01384nam a2200433 i 4500 001 991000890709707536 005 20020507175328.0 008 960920s1995 de ||| | eng 020 $a354059065X 035 $ab10771785-39ule_inst 035 $aLE01303906$9ExL 040 $aDip.to Matematica$beng 082 0 $a516.12 084 $aAMS 05B05 084 $aAMS 05B20 084 $aAMS 05E20 084 $aAMS 11R04 084 $aAMS 11T24 084 $aAMS 20B25 084 $aAMS 51E 084 $aAMS 51E15 084 $aAMS 51E30 084 $aAMS 94A55 084 $aAMS 94B15 100 1 $aPott, Alexander$060997 245 10$aFinite geometry and character theory /$cAlexander Pott 260 $aBerlin :$bSpringer-Verlag,$cc1995 300 $avi, 181 p. :$bill. ;$c24 cm. 490 0 $aLecture notes in mathematics,$x0075-8434 ;$v1601 500 $aIncludes bibliographical references (p. [169]-179) and index 650 4$aDifference sets 650 4$aFinite geometries 650 4$aFourier transformations 907 $a.b10771785$b23-02-17$c28-06-02 912 $a991000890709707536 945 $aLE013 51E POT11 (1995)$g1$i2013000071886$lle013$o-$pE0.00$q-$rl$s- $t0$u7$v0$w7$x0$y.i10870246$z28-06-02 996 $aFinite geometry and character theory$978108 997 $aUNISALENTO 998 $ale013$b01-01-96$cm$da $e-$feng$gde $h0$i1